[Event "IECG CP.2000.P.00080"]
[Site "IECG email"]
[Date "2000.10.01"]
[Round "?"]
[White "Koch, Christian"]
[Black "Lottis, Daniel"]
[Result "1-0"]
[WhiteElo "2263"]
[BlackElo "1048"]
[PlyCount "45"]
[EventDate "2000.10.01"]
[EventType "tourn (corr)"]
[EventRounds "6"]
[EventCountry "GER"]
[SourceTitle "Corr 2008"]
[Source "ChessBase"]
[SourceDate "2008.06.24"]
[SourceVersion "1"]
[SourceVersionDate "2008.06.24"]
[SourceQuality "1"]

1. e4 c6 2. d4 d5 3. e5 e6 4. Nf3 c5 5. c3 cxd4 6. cxd4 Be7 7. Be2 Nc6 8. 0-0 Qc7 9. Nc3 Bd7 10. Be3 0-0-0 11. Rc1 f6 12. exf6 gxf6 13. Nb5 Qb6 14. Bf4 Re8 15. Qb3 Qa5 16. Bc7 Qxc7 17. Nxc7 Kxc7 18. Bb5 Bd6 19. Rfe1 Nge7 20. Ne5 fxe5 21. dxe5 Bxe5 22. Rxe5 Kd8 23. Bxc6 1-0

[Event "IECG QN.1999.0.00087"]
[Site "IECG email"]
[Date "1999.11.07"]
[Round "?"]
[White "Lottis, Daniel"]
[Black "Rakovic, Miroslav"]
[Result "0-1"]
[WhiteElo "950"]
[BlackElo "800"]
[PlyCount "46"]
[EventDate "1999.11.07"]
[EventType "tourn (corr)"]
[EventRounds "6"]
[SourceTitle "Corr 2008"]
[Source "ChessBase"]
[SourceDate "2008.06.24"]
[SourceVersion "1"]
[SourceVersionDate "2008.06.24"]
[SourceQuality "1"]

1. e4 e6 2. d4 d5 3. Bd3 dxe4 4. Bxe4 Nf6 5. Nd2 Qxd4 6. Ngf3 Qa4 7. b3 Nxe4 8. bxa4 Nc3 9. Bb2 Nxd1 10. Rxd1 Bd7 11. 0-0 Bxa4 12. Nb3 Nc6 13. Rfe1 Rd8 14. h4 Rxd1 15. Rxd1 f6 16. a3 Bd6 17. Re1 Kf7 18. c4 Bxb3 19. Rc1 Rd8 20. g3 Bc5 21. Kg2 Na5 22. Rc3 Bxc4 23. Bc1 Rd3 0-1

[Event "IECG QN.1999.0.00087"]
[Site "IECG email"]
[Date "1999.11.07"]
[Round "?"]
[White "Lynch, Seth"]
[Black "Lottis, Daniel"]
[Result "0-1"]
[WhiteElo "800"]
[BlackElo "950"]
[PlyCount "92"]
[EventDate "1999.11.07"]
[EventType "tourn (corr)"]
[EventRounds "6"]
[SourceTitle "Corr 2008"]
[Source "ChessBase"]
[SourceDate "2008.06.24"]
[SourceVersion "1"]
[SourceVersionDate "2008.06.24"]
[SourceQuality "1"]

1. e4 c5 2. Nf3 d6 3. d4 cxd4 4. Nxd4 Nf6 5. Nc3 Nc6 6. Bb5 Bd7 7. Nxc6 bxc6 8. Bc4 e6 9. Bg5 Qa5 10. Bxf6 gxf6 11. 0-0 d5 12. exd5 0-0-0 13. Qe2 cxd5 14. Ba6+ Kc7 15. a3 d4 16. Na2 Qg5 17. Rfd1 Bc6 18. g3 Bc5 19. b4 Qd5 20. f3 d3+ 21. Kg2 dxe2 22. Rxd5 Rxd5 23. bxc5 Rd2 24. Re1 Rxc2 25. Rxe2 Rxc5 26. Nb4 Ba4 27. Rb2 Rc3 28. Nd3 Rxa3 29. Rb7+ Kd6 30. Nb4 Bd1 31. Rxf7 Bxf3+ 32. Kh3 f5 33. Bb7 Bxb7 34. Rxb7 Rb3 35. Kh4 Kc5 36. Na6+ Kc4 37. Rc7+ Kd5 38. Rc5+ Ke4 39. Nc7 Rb6 40. Nb5 Re8 41. Nxa7 e5 42. Nc6 f4 43. gxf4 exf4 44. Rc4+ Kd5 45. Rxf4 Rxc6 46. Rf7 Rh6+ 0-1